00880nam a22002537a 4500001001300000003000900013005001700022007000300039008003400042040005400076041001000130072000800140110017300148245009000321260003800411300001100449500003200460650001100492650002100503650003100524650003300555650001900588650001900607BR2013000548BR-BrBNA20230928104122.0ta230509b bl.||||| |||| 00| 0 por d aBR-BrBNAbporcBiblioteca Nacional de Agricultura a(Por) aE131 aMinistério da Agricultura, Pecuária e Abastecimento. Secretaria de Defesa Agropecuária. Depto. de Fiscalização de Insumos Agrícolas, Brasília, DF (Brasil)1 aRelatório de execução da fiscalização insumos agrícolas; exercício 20113 aBrasília, DF (Brasil): c2012.  a134 p. a42 tables; 5 maps;13 illus. aINSUMO aFISCALIZAÇÃO aPRESTAÇÃO DE SERVIÇO aCLASSIFICAÇÃO DE PRODUTO aIMPORTAÇÃO aEXPORTAÇÃO